Reforma Estatuto de Rentas del municipio de Pisba (Registro nro. 111488)

Detalles MARC
000 -CABECERA
campo de control de longitud fija 00785nam a2200217Ia 4500
001 - NÚMERO DE CONTROL
campo de control 111488
003 - IDENTIFICADOR DEL NÚMERO DE CONTROL
campo de control 198162
005 - FECHA Y HORA DE LA ÚLTIMA TRANSACCIÓN
campo de control 20250618193209.0
008 - DATOS DE LONGITUD FIJA--INFORMACIÓN GENERAL
campo de control de longitud fija ||||||n9999 ||| || ||
082 ## - NÚMERO DE LA CLASIFICACIÓN DECIMAL DEWEY
Número de clasificación 336014
245 #0 - MENCIÓN DE TÍTULO
Título Reforma Estatuto de Rentas del municipio de Pisba
Resto del título consecuencias e impactos en las finanzas municipales y del Estado
562 ## - NOTA DE IDENTIFICACIÓN DE LA COPIA Y VERSIÓN
Número de copias 4
650 ## - PUNTO DE ACCESO ADICIONAL DE MATERIA--TÉRMINO DE MATERIA
Término de materia o nombre geográfico como elemento de entrada ESCUELA SUPERIOR DE ADMINISTRACIÓN PÚBLICA (SOGAMOSO, BOYACÁ)--TESIS Y DISERTACIONES ACADÉMICAS
9 (RLIN) 98149
650 #0 - PUNTO DE ACCESO ADICIONAL DE MATERIA--TÉRMINO DE MATERIA
Término de materia o nombre geográfico como elemento de entrada Especialización en Finanzas Públicas (Boyacá)
9 (RLIN) 99221
650 ## - PUNTO DE ACCESO ADICIONAL DE MATERIA--TÉRMINO DE MATERIA
Término de materia o nombre geográfico como elemento de entrada FINANZAS PÚBLICAS MUNICIPALES--COLOMBIA
9 (RLIN) 127222
650 ## - PUNTO DE ACCESO ADICIONAL DE MATERIA--TÉRMINO DE MATERIA
Término de materia o nombre geográfico como elemento de entrada IMPACTO
9 (RLIN) 83407
650 ## - PUNTO DE ACCESO ADICIONAL DE MATERIA--TÉRMINO DE MATERIA
Término de materia o nombre geográfico como elemento de entrada PISBA, BOYACA--(COLOMBIA)
9 (RLIN) 137148
650 ## - PUNTO DE ACCESO ADICIONAL DE MATERIA--TÉRMINO DE MATERIA
Término de materia o nombre geográfico como elemento de entrada REFORMA
9 (RLIN) 5209
650 #0 - PUNTO DE ACCESO ADICIONAL DE MATERIA--TÉRMINO DE MATERIA
Término de materia o nombre geográfico como elemento de entrada Rentas públicas
9 (RLIN) 137149
942 ## - ELEMENTOS DE PUNTO DE ACCESO ADICIONAL (KOHA)
Tipo de ítem Koha Tesis
Existencias
Estado de retiro Estado de pérdida Estado dañado No para préstamo Código de colección Localización permanente Ubicación/localización actual Coste, precio normal de compra Total de préstamos Signatura topográfica completa Código de barras Número de copia Tipo de ítem Koha
        Trabajos de Grado Tunja - Sede Boyacá-Casanare Tunja - Sede Boyacá-Casanare 0.00   BOY005 2006 BOY5710 1 Tesis
        Trabajos de Grado Tunja - Sede Boyacá-Casanare Tunja - Sede Boyacá-Casanare 0.00   BOY005 2006 e2 BOY5712 2 Tesis
        Trabajos de Grado Tunja - Sede Boyacá-Casanare Tunja - Sede Boyacá-Casanare 0.00   BOY005 2006 e3 BOY5711 3 Tesis
        Trabajos de Grado Tunja - Sede Boyacá-Casanare Tunja - Sede Boyacá-Casanare 15000.00   BOY005 2006 BOY5709 4 Tesis